000
00243nam a22001217a 4500
008
181008b xxu||||| |||| 00| 0 eng d
041
_a
eng
080
_a
710
100
_a
45
101
_a
art
245
_a
Picaso
_c
Brace.H
942
_2
udc
_c
BK
999
_c
48997
_d
48997